000 01231cam a2200325 i 4500
001 17876
003 Mx-PuUPA
005 20250708141739.0
008 140415s1985 mx gr 000 0 spa d
020 _a9684420854
040 _aMx-PuUPA
_bspa
_cMx-PuUPA
_dMx-PuUPA
_erda
041 0 _aspa
043 _an-mx---
110 2 _aCatholic Church.
_bConferencia del Episcopado Mexicano,
_917282
_eautor
245 1 0 _aSociedad civil y sociedad religiosa :
_bcompromiso recíproco al servicio del hombre y bien del país /
_cConferencia del Episcopado Mexicano
250 _aPrimera edición
264 1 _aMéxico, D.F. :
_bLibrería Parroquial de Clavería,
_c1985
300 _a671 páginas ;
_c21 cm
336 _2rdacontent
_atexto
_btxt
337 _2rdamedia
_asin medio
_bn
338 _2rdacarrier
_avolumen
_bnc
610 2 _aConferencia del episcopado mexicano
_vCongresos
650 7 _2armarc
_aIglesia y Estado
_zMéxico
_vCongresos
650 7 _2armarc
_aSociedad civil
_zMéxico
_vCongresos
650 7 _2armarc
_aObispos
_zMéxico
_xActividad política
_vCongresos
651 4 _aMéxico
_xReligión
_vCongresos
942 _2ddc
_cLI
_h322.10972
_iS67
999 _c17876
_d17876